000 01135nam a2200325 a 4500
001 000002252
003 DO-SdBNP
005 20171004093507.0
007 000002252
008 090701s2007 dr ac 001 0 spa d
020 _a9789945068429
040 _aBPMSU
_bspa
_cBPMSU
049 _a
082 4 _a362.17
_bU75d
100 1 _aUreña, Leonel,
_d1958-
245 1 0 _aDe cultura sanitaria y gremial :
_btextos escogidos /
_cLeonel Ureña ; presentación Rafael Estévez Rochet ; Fernando Sánchez Martínez.
260 _aSanto Domingo :
_bSantuario,
_c2007.
300 _av. :
_bil., retrs. ;
_c23 cm.
500 _aLa biblioteca posee el v.1.
500 _aIncluye datos biográficos el autor en la solapa de la cubierta.
650 4 _aSALUD PÚBLICA
_zREPÚBLICA DOMINICANA
650 4 _aSANEAMIENTO
651 4 _aREPÚBLICA DOMINICANA
_xCONDICIONES SOCIALES
700 1 _aEstévez Rochet, Rafael,
_epresent.
700 1 _aSánchez, Martínez, Fernando
_epról.
910 _aValidado. Control de calidad EMS
942 _2ddc
_cBK
945 _a Inventariado / 2017 VM
956 _aVMATEO
_b10
_c20150731
_lBPMSU
_h00151
999 _c8031
_d8031